[Event "Berlin Eckbauer op 21st"]
[Site "Berlin"]
[Date "2018.10.15"]
[Round "2"]
[White "Wehr, Joachim"]
[Black "Hoppe, Rainer"]
[Result "1/2-1/2"]
[WhiteElo "1611"]
[BlackElo "1936"]
[PlyCount "54"]
[EventDate "2018.10.08"]
[EventType "swiss"]
[EventRounds "7"]
[EventCountry "GER"]
[SourceTitle "CBM 189 Extra"]
[Source "ChessBase"]
[SourceDate "2019.06.03"]
[SourceVersion "1"]
[SourceVersionDate "2019.06.03"]
[SourceQuality "1"]

1. Nf3 Nf6 2. g3 g6 3. Bg2 Bg7 4. 0-0 d5 5. d3 0-0 6. Nbd2 Bd7 7. e4 dxe4 8. dxe4 Nc6 9. c3 e5 10. Qc2 Be6 11. Ng5 Bc8 12. Re1 h6 13. Ngf3 Be6 14. h3 Qe7 15. Bf1 Rad8 16. a4 Qc5 17. Qb1 Kh7 18. Kg2 a6 19. Be2 b5 20. Nf1 Qb6 21. Be3 Qb7 22. axb5 axb5 23. Bc5 Rfe8 24. Qc2 Nd7 25. Be3 Bc4 26. b3 Bxe2 27. Rxe2 Nf6 1/2-1/2

[Event "Berlin Eckbauer op 19th"]
[Site "Berlin"]
[Date "2016.11.14"]
[Round "5"]
[White "Hoppe, Rainer"]
[Black "Alves, Christopher"]
[Result "1-0"]
[WhiteElo "1936"]
[BlackElo "1624"]
[PlyCount "139"]
[EventDate "2016.10.10"]
[EventType "swiss"]
[EventRounds "7"]
[EventCountry "GER"]
[SourceTitle "EXT 2022"]
[Source "ChessBase"]
[SourceDate "2021.10.06"]
[SourceVersion "1"]
[SourceVersionDate "2021.10.06"]
[SourceQuality "1"]

1. Nf3 e6 2. c4 b6 3. Nc3 Bb7 4. e3 Nc6 5. Be2 Qe7 6. 0-0 g5 7. d4 g4 8. Ne1 h5 9. Nb5 0-0-0 10. d5 exd5 11. cxd5 Nb4 12. d6 cxd6 13. Nxa7+ Kb8 14. Nb5 Nf6 15. Bd2 Nc6 16. a3 h4 17. Bb4 Nxb4 18. axb4 Qe4 19. Nxd6 Qd5 20. Nxb7 Qxd1 21. Rxd1 Kxb7 22. Rd4 Rg8 23. Nd3 d6 24. Rc1 Be7 25. Nf4 Rc8 26. Rdc4 Rxc4 27. Rxc4 Ra8 28. Nd3 Ra1+ 29. Rc1 Rxc1+ 30. Nxc1 Nd5 31. Bxg4 Nxb4 32. b3 Kc6 33. Bf5 Kc5 34. Ne2 Nc6 35. Kf1 Kb4 36. Bc2 Na5 37. Nd4 Bf6 38. Nf5 Kc3 39. Bd1 Kd2 40. Bh5 Nxb3 41. Nxd6 Be7 42. Nf5 Bd8 43. Bxf7 Nc5 44. Be8 Kd3 45. g4 hxg3 46. hxg3 Ke4 47. Nd4 Bf6 48. Bg6+ Kd5 49. Nb5 Ne6 50. f4 Kc5 51. Bd3 Kc6 52. Kf2 Nc5 53. Be2 Ne4+ 54. Kf3 Nc3 55. Nxc3 Bxc3 56. e4 Kd6 57. g4 Ke6 58. Ke3 Bg7 59. Bc4+ Ke7 60. e5 Bf8 61. Ke4 Ke8 62. g5 Bc5 63. f5 b5 64. Bxb5+ Kf8 65. Bc4 Bb4 66. f6 Bd2 67. g6 Bh6 68. g7+ Bxg7 69. fxg7+ Kxg7 70. Kf5 1-0

[Event "Berlin Eckbauer op 18th"]
[Site "Berlin"]
[Date "2015.11.02"]
[Round "4"]
[White "Stoeckel, Johannes"]
[Black "Hoppe, Rainer"]
[Result "0-1"]
[WhiteElo "1807"]
[BlackElo "1936"]
[PlyCount "72"]
[EventDate "2015.10.05"]
[EventType "swiss"]
[EventRounds "7"]
[EventCountry "GER"]
[SourceTitle "EXT 2022"]
[Source "ChessBase"]
[SourceDate "2021.10.06"]
[SourceVersion "1"]
[SourceVersionDate "2021.10.06"]
[SourceQuality "1"]

1. Nf3 c5 2. c4 Nc6 3. Nc3 g6 4. g3 Bg7 5. Bg2 d6 6. 0-0 e6 7. d3 Nge7 8. e4 0-0 9. Be3 Nd4 10. Qd2 Re8 11. Bh6 Bh8 12. Nxd4 cxd4 13. Ne2 Bd7 14. b4 a6 15. a4 b5 16. axb5 axb5 17. Rxa8 Qxa8 18. e5 Qb8 19. Nxd4 Bxe5 20. Nf3 Bh8 21. g4 Nc6 22. c5 dxc5 23. bxc5 e5 24. Ng5 Nd4 25. Ne4 Bc6 26. Qg5 Re6 27. Re1 Qa8 28. h4 f6 29. Qd2 f5 30. gxf5 gxf5 31. Qg5+ Rg6 32. Qe7 fxe4 33. Bg5 Qf8 34. Qxf8+ Kxf8 35. dxe4 h6 36. Bd8 Nf3+ 0-1

[Event "Berlin Eckbauer op 18th"]
[Site "Berlin"]
[Date "2015.10.05"]
[Round "1"]
[White "Hoppe, Rainer"]
[Black "Meinicke, Kurt"]
[Result "1-0"]
[WhiteElo "1936"]
[BlackElo "1523"]
[PlyCount "51"]
[EventDate "2015.10.05"]
[EventType "swiss"]
[EventRounds "7"]
[EventCountry "GER"]
[SourceTitle "EXT 2022"]
[Source "ChessBase"]
[SourceDate "2021.10.06"]
[SourceVersion "1"]
[SourceVersionDate "2021.10.06"]
[SourceQuality "1"]

1. c4 e5 2. g3 g6 3. Bg2 Bg7 4. Nc3 Nc6 5. e3 d6 6. Nge2 f5 7. d4 Bd7 8. 0-0 Nf6 9. Rb1 a5 10. a3 0-0 11. b4 axb4 12. axb4 e4 13. f3 Be6 14. d5 exf3 15. Bxf3 Ne5 16. dxe6 Nxf3+ 17. Rxf3 Ng4 18. Qb3 c6 19. e4 Qb6+ 20. Kg2 fxe4 21. Nxe4 Rxf3 22. Kxf3 Nxh2+ 23. Kg2 Ng4 24. Bf4 Re8 25. Bxd6 Rxe6 26. c5 1-0

[Event "Berlin Eckbauer op 17th"]
[Site "Berlin"]
[Date "2014.11.10"]
[Round "5"]
[White "Stark, Wolfgang"]
[Black "Hoppe, Rainer"]
[Result "1-0"]
[WhiteElo "2018"]
[BlackElo "1936"]
[PlyCount "107"]
[EventDate "2014.10.06"]
[EventType "swiss"]
[EventRounds "7"]
[EventCountry "GER"]
[SourceTitle "EXT 2022"]
[Source "ChessBase"]
[SourceDate "2021.10.06"]
[SourceVersion "1"]
[SourceVersionDate "2021.10.06"]
[SourceQuality "1"]

1. d4 Nf6 2. c4 e6 3. Nc3 c5 4. d5 exd5 5. cxd5 d6 6. e4 g6 7. Nge2 Bg7 8. Ng3 0-0 9. Be2 Na6 10. 0-0 Nc7 11. Bg5 h6 12. Be3 Re8 13. a4 b6 14. Qd2 Kh7 15. Kh1 a6 16. f4 Rb8 17. Rad1 b5 18. axb5 axb5 19. e5 b4 20. Nce4 Nfxd5 21. exd6 Nxe3 22. dxc7 Qxc7 23. Qxe3 Qc6 24. Qxc5 Qxc5 25. Nxc5 Bxb2 26. Bc4 Kg7 27. f5 Bxf5 28. Nxf5+ gxf5 29. Rxf5 Re7 30. g4 Rc8 31. Bb3 Bc3 32. Rd7 Rxd7 33. Nxd7 f6 34. Rd5 Re8 35. Rd3 Re2 36. h3 Kg6 37. Nf8+ Kg5 38. Ne6+ Kh4 39. Nf4 Rb2 40. Ng2+ Kg5 41. Bd1 Rd2 42. h4+ Kg6 43. Nf4+ Kg7 44. Nh5+ Kf7 45. Rxd2 Bxd2 46. Bb3+ Ke7 47. Ng3 Be1 48. Nf5+ Kd7 49. Kg2 Kc6 50. Kf3 Bd2 51. Ke4 Kc5 52. Ng7 Be1 53. Ne6+ Kb5 54. h5 1-0

[Event "Berlin Eckbauer op 17th"]
[Site "Berlin"]
[Date "2014.10.27"]
[Round "3"]
[White "Koenig, Frank"]
[Black "Hoppe, Rainer"]
[Result "1-0"]
[WhiteElo "1946"]
[BlackElo "1936"]
[PlyCount "81"]
[EventDate "2014.10.06"]
[EventType "swiss"]
[EventRounds "7"]
[EventCountry "GER"]
[SourceTitle "EXT 2022"]
[Source "ChessBase"]
[SourceDate "2021.10.06"]
[SourceVersion "1"]
[SourceVersionDate "2021.10.06"]
[SourceQuality "1"]

1. g3 c5 2. Bg2 Nc6 3. a3 Nf6 4. d3 g6 5. Nd2 Bg7 6. e3 d6 7. Ne2 Bd7 8. 0-0 0-0 9. Re1 Qc7 10. e4 e6 11. Nf4 Ne7 12. h4 h5 13. Nc4 Bc6 14. a4 b6 15. Ne3 Rad8 16. g4 e5 17. Nh3 hxg4 18. Nxg4 Nxg4 19. Qxg4 Qd7 20. Qe2 f5 21. Ng5 Bf6 22. h5 Bxg5 23. Bxg5 Kg7 24. Bh3 Rh8 25. h6+ Kh7 26. Kh2 Rdf8 27. Rg1 Rhg8 28. c4 Qe8 29. Bxe7 Qxe7 30. exf5 g5 31. Rg3 Rf6 32. Rag1 Rxh6 33. f4 g4 34. Rxg4 Rxg4 35. Qxg4 Qf7 36. f6 Rxf6 37. Qg5 Rxf4 38. Rg3 Bd7 39. Bg2 Rf6 40. Be4+ Kh8 41. Qh4+ 1-0

[Event "Berlin-ch Seniors op 28th"]
[Site "Berlin"]
[Date "2012.01.30"]
[Round "4.5"]
[White "Hoppe, Rainer"]
[Black "Troeger, Rainer"]
[Result "0-1"]
[WhiteElo "1858"]
[BlackElo "2043"]
[PlyCount "64"]
[EventDate "2012.01.27"]
[EventType "swiss"]
[EventRounds "9"]
[EventCountry "GER"]
[SourceTitle "EXT 2022"]
[Source "ChessBase"]
[SourceDate "2021.10.06"]
[SourceVersion "1"]
[SourceVersionDate "2021.10.06"]
[SourceQuality "1"]

1. e4 g6 2. d4 Bg7 3. Nc3 c5 4. Be3 Qa5 5. Qd2 d6 6. Nf3 Bg4 7. Bb5+ Bd7 8. Be2 Nf6 9. e5 cxd4 10. Bxd4 dxe5 11. Nxe5 0-0 12. Nxd7 Nbxd7 13. 0-0 e5 14. Be3 Rfd8 15. Ne4 Qa4 16. Nxf6+ Nxf6 17. Qc1 Nd5 18. b3 Nc3 19. Bc4 Qxc4 20. bxc4 Ne2+ 21. Kh1 Nxc1 22. Rfxc1 Rdc8 23. c5 Bf8 24. Rab1 Rc7 25. g3 Rd8 26. c4 a6 27. Rc2 Rdd7 28. a4 Bxc5 29. Bxc5 Rxc5 30. Kg2 Rdc7 31. Rb4 b5 32. axb5 axb5 0-1

[Event "Berlin Eckbauer op 14th"]
[Site "Berlin"]
[Date "2011.11.28"]
[Round "7.10"]
[White "Hoppe, Rainer"]
[Black "Perez Fernandez, Jose Vicente"]
[Result "1/2-1/2"]
[WhiteElo "1965"]
[BlackElo "1701"]
[PlyCount "60"]
[EventDate "2011.10.17"]
[EventType "swiss"]
[EventRounds "7"]
[EventCountry "GER"]
[SourceTitle "EXT 2022"]
[Source "ChessBase"]
[SourceDate "2021.10.06"]
[SourceVersion "1"]
[SourceVersionDate "2021.10.06"]
[SourceQuality "1"]

1. Nf3 g6 2. c4 Bg7 3. Nc3 f5 4. d4 Nf6 5. g3 0-0 6. Bg2 d6 7. 0-0 Na6 8. Bg5 c5 9. d5 Nc7 10. Qd2 Bd7 11. a4 a6 12. a5 Rb8 13. Bh6 b5 14. Bxg7 Kxg7 15. b3 bxc4 16. bxc4 Rb4 17. Qd3 e5 18. dxe6 Bxe6 19. Nd2 d5 20. Nxd5 Nfxd5 21. cxd5 Bxd5 22. Bxd5 Qxd5 23. Qxd5 Nxd5 24. Rfc1 Rb2 25. Nc4 Rxe2 26. Nb6 Nb4 27. Rxc5 Nd3 28. Rc7+ Rf7 29. Rxf7+ Kxf7 30. f4 Re1+ 1/2-1/2

[Event "Berlin Eckbauer op 14th"]
[Site "Berlin"]
[Date "2011.11.14"]
[Round "5.11"]
[White "Hoppe, Rainer"]
[Black "Slepuschkin, Shenja"]
[Result "1/2-1/2"]
[WhiteElo "1965"]
[BlackElo "2095"]
[PlyCount "136"]
[EventDate "2011.10.17"]
[EventType "swiss"]
[EventRounds "7"]
[EventCountry "GER"]
[SourceTitle "EXT 2022"]
[Source "ChessBase"]
[SourceDate "2021.10.06"]
[SourceVersion "1"]
[SourceVersionDate "2021.10.06"]
[SourceQuality "1"]

1. c4 d5 2. cxd5 Nf6 3. Nc3 Nxd5 4. g3 c6 5. Bg2 Nxc3 6. bxc3 e5 7. d3 Bc5 8. Nf3 e4 9. Ne5 Bxf2+ 10. Kxf2 Qf6+ 11. Bf4 g5 12. e3 gxf4 13. exf4 exd3 14. Qxd3 0-0 15. Rad1 Na6 16. Rhe1 Bf5 17. Qd6 Qxd6 18. Rxd6 Nc5 19. Red1 f6 20. Nc4 Rae8 21. R6d4 Bg4 22. R1d2 Re7 23. Nd6 Rd7 24. h3 Be6 25. f5 Bf7 26. a3 Nb3 27. Rg4+ Kh8 28. Nxf7+ Rfxf7 29. Rxd7 Rxd7 30. Ke3 Nc5 31. Rd4 Re7+ 32. Kf4 Kg7 33. Bf1 Nd7 34. Bc4 Ne5 35. Be6 Nf7 36. h4 c5 37. Rd5 Rc7 38. Bxf7 Kxf7 39. c4 Ke7 40. g4 b5 41. cxb5 c4 42. g5 c3 43. Rd1 Rc4+ 44. Kg3 Ra4 45. g6 hxg6 46. fxg6 f5 47. Rc1 Rg4+ 48. Kh3 Rc4 49. a4 Kf6 50. h5 Kg7 51. a5 Kh6 52. b6 axb6 53. axb6 c2 54. b7 Rc3+ 55. Kh4 Rb3 56. b8Q Rxb8 57. Rxc2 Rb4+ 58. Kh3 Kxh5 59. Rg2 Rh4+ 60. Kg3 Rg4+ 61. Kf3 Rxg2 62. Kxg2 Kxg6 63. Kf3 Kg5 64. Kg3 f4+ 65. Kf3 Kf5 66. Kf2 Ke4 67. Ke2 f3+ 68. Kf2 Kf4 1/2-1/2

[Event "Berlin Eckbauer op 14th"]
[Site "Berlin"]
[Date "2011.10.31"]
[Round "3.18"]
[White "Hall, Oliver"]
[Black "Hoppe, Rainer"]
[Result "0-1"]
[WhiteElo "1606"]
[BlackElo "1965"]
[PlyCount "34"]
[EventDate "2011.10.17"]
[EventType "swiss"]
[EventRounds "7"]
[EventCountry "GER"]
[SourceTitle "EXT 2022"]
[Source "ChessBase"]
[SourceDate "2021.10.06"]
[SourceVersion "1"]
[SourceVersionDate "2021.10.06"]
[SourceQuality "1"]

1. e4 c5 2. Nf3 e6 3. d4 cxd4 4. Nxd4 a6 5. c4 Nf6 6. Bd3 Nc6 7. Nxc6 dxc6 8. e5 Qa5+ 9. Nc3 Qxe5+ 10. Be3 Bc5 11. Qe2 Bxe3 12. fxe3 Qh5 13. 0-0 Qxe2 14. Bxe2 e5 15. Rad1 Be6 16. Rd6 Ke7 17. Rfd1 Rad8 0-1

[Event "Berlin Eckbauer op 14th"]
[Site "Berlin"]
[Date "2011.10.17"]
[Round "1.24"]
[White "Valamanesh, Habib"]
[Black "Hoppe, Rainer"]
[Result "1/2-1/2"]
[WhiteElo "1617"]
[BlackElo "1965"]
[PlyCount "81"]
[EventDate "2011.10.17"]
[EventType "swiss"]
[EventRounds "7"]
[EventCountry "GER"]
[SourceTitle "EXT 2022"]
[Source "ChessBase"]
[SourceDate "2021.10.06"]
[SourceVersion "1"]
[SourceVersionDate "2021.10.06"]
[SourceQuality "1"]

1. Nf3 Nf6 2. g3 d6 3. Bg2 e5 4. d3 c6 5. 0-0 Be7 6. e4 h6 7. Be3 Be6 8. Re1 Nbd7 9. Nbd2 Ng4 10. c4 0-0 11. Rc1 Nxe3 12. Rxe3 d5 13. exd5 cxd5 14. cxd5 Bxd5 15. b3 Bf6 16. Ne4 Bc6 17. Nxf6+ Qxf6 18. Qe2 Rfe8 19. Re1 Rad8 20. Nxe5 Nxe5 21. Rxe5 Rxe5 22. Qxe5 Re8 23. Qa1 Qxa1 24. Rxa1 Re2 25. Bxc6 bxc6 26. Rc1 Re6 27. a4 Kf8 28. f4 Ke7 29. Kf2 Kd7 30. Rc4 Kc7 31. Re4 Rf6 32. a5 Kd6 33. Ke3 Rf5 34. b4 Rb5 35. Rd4+ Ke6 36. Rc4 Kd6 37. d4 a6 38. Kd3 f6 39. g4 Rb7 40. Ke4 g6 41. g5 1/2-1/2

[Event "Berlin-ch Seniors op 27th"]
[Site "Berlin"]
[Date "2011.02.03"]
[Round "6"]
[White "Poeltelt, Helmut"]
[Black "Hoppe, Rainer"]
[Result "0-1"]
[WhiteElo "1608"]
[BlackElo "1806"]
[PlyCount "70"]
[EventDate "2011.01.29"]
[EventType "swiss"]
[EventRounds "9"]
[EventCountry "GER"]
[SourceTitle "EXT 2012"]
[Source "ChessBase"]
[SourceDate "2011.11.24"]
[SourceVersion "1"]
[SourceVersionDate "2011.11.24"]
[SourceQuality "1"]

1. e4 d6 2. d4 Nd7 3. Nf3 c6 4. c4 Ngf6 5. Nc3 e5 6. Bg5 Be7 7. Be2 h6 8. Bh4 0-0 9. 0-0 Re8 10. d5 cxd5 11. cxd5 a6 12. Rc1 b5 13. b4 Nb6 14. Nd2 Nfxd5 15. Nxd5 Bxh4 16. Nc7 Bb7 17. Nxe8 Qxe8 18. Rc7 Rb8 19. Qb3 Bd8 20. Rc2 d5 21. exd5 Bxd5 22. Qg3 Nd7 23. Rfc1 Bg5 24. Bg4 Rd8 25. Qa3 Nf6 26. Bh3 Bb7 27. Rd1 Ne4 28. Qb2 Qe7 29. f3 Be3+ 30. Kf1 Nxd2+ 31. Rcxd2 Bxd2 32. Rxd2 Bd5 33. a3 Qa7 34. Qc3 Bc4+ 35. Re2 Rd1+ 0-1

[Event "GER-ch Seniors 22nd"]
[Site "Berlin"]
[Date "2010.08.21"]
[Round "6"]
[White "Hoppe, Rainer"]
[Black "Rodemann, Edmund"]
[Result "1/2-1/2"]
[WhiteElo "1810"]
[BlackElo "1931"]
[PlyCount "36"]
[EventDate "2010.08.16"]
[EventType "swiss"]
[EventRounds "9"]
[EventCountry "GER"]
[SourceTitle "CBM 138 Extra"]
[Source "ChessBase"]
[SourceDate "2010.10.29"]
[SourceVersion "1"]
[SourceVersionDate "2010.10.29"]
[SourceQuality "1"]

1. d4 f5 2. Nc3 Nf6 3. Bg5 d5 4. Bxf6 exf6 5. e3 Be6 6. Bd3 Qd7 7. Nge2 Nc6 8. Na4 b6 9. a3 Bd6 10. b3 Ne7 11. c4 c6 12. Nac3 g6 13. 0-0 0-0 14. cxd5 Nxd5 15. Nxd5 Bxd5 16. Ba6 Rfd8 17. Nc3 Bf7 18. Bc4 Be7 1/2-1/2

[Event "GER-ch Seniors-A 20th"]
[Site "Erfurt"]
[Date "2008.08.07"]
[Round "3"]
[White "Hoppe, Rainer"]
[Black "Bernhoeft, Erhard"]
[Result "1-0"]
[WhiteElo "1829"]
[BlackElo "1934"]
[PlyCount "137"]
[EventDate "2008.08.05"]
[EventType "swiss"]
[EventRounds "9"]
[EventCountry "GER"]
[SourceTitle "CBM 126 Extra"]
[Source "ChessBase"]
[SourceDate "2008.11.05"]
[SourceVersion "1"]
[SourceVersionDate "2008.11.05"]
[SourceQuality "1"]

1. e4 c5 2. Nf3 Nc6 3. d4 cxd4 4. Nxd4 Qb6 5. Nb3 e6 6. a3 Nf6 7. Nc3 Be7 8. Be3 Qc7 9. Be2 0-0 10. 0-0 d6 11. f4 a6 12. Bf3 Bd7 13. Na4 Be8 14. Nb6 Rd8 15. Qd2 Nd7 16. Qf2 Bf6 17. Nxd7 Rxd7 18. Bb6 Qc8 19. c4 Bd8 20. Be3 Na5 21. Nxa5 Bxa5 22. Rac1 Qd8 23. Rfd1 f5 24. b4 Bc7 25. exf5 Rxf5 26. g4 Rf6 27. Bxb7 e5 28. f5 Qb8 29. Bd5+ Kh8 30. g5 Rf8 31. Be4 Bg6 32. Qc2 Bh5 33. Rf1 Bd8 34. Qg2 Bb6 35. c5 dxc5 36. bxc5 Ba5 37. c6 Rd6 38. Qf2 Qd8 39. Qh4 Be2 40. f6 h5 41. fxg7+ Kxg7 42. Rxf8 Qxf8 43. Qf2 Qxf2+ 44. Kxf2 Bg4 45. c7 Bc8 46. Rc5 Bb6 47. Rxe5 Rd2+ 48. Kf3 Bg4+ 49. Kf4 Bxe3+ 50. Kxe3 Ra2 51. Re8 Rxa3+ 52. Kd4 Rh3 53. c8Q Bxc8 54. Rxc8 Rxh2 55. Rc7+ Kf8 56. Ra7 Ra2 57. Rh7 Ra5 58. Rxh5 Kg8 59. Ke3 Rb5 60. Kf4 a5 61. Rh7 Rb4 62. Ra7 a4 63. Ke5 Kf8 64. Bc6 Rc4 65. Bxa4 Rc3 66. Kf6 Rf3+ 67. Kg6 Rd3 68. Rf7+ Kg8 69. Re7 1-0

[Event "GER-ch Seniors-A 20th"]
[Site "Erfurt"]
[Date "2008.08.06"]
[Round "2"]
[White "Fischer, Semen"]
[Black "Hoppe, Rainer"]
[Result "1-0"]
[WhiteElo "1784"]
[BlackElo "1829"]
[PlyCount "120"]
[EventDate "2008.08.05"]
[EventType "swiss"]
[EventRounds "9"]
[EventCountry "GER"]
[SourceTitle "CBM 126 Extra"]
[Source "ChessBase"]
[SourceDate "2008.11.05"]
[SourceVersion "1"]
[SourceVersionDate "2008.11.05"]
[SourceQuality "1"]

1. Nc3 d5 2. d4 c6 3. Bf4 Nf6 4. e3 g6 5. h3 Bg7 6. Bd3 b6 7. Nge2 Ba6 8. 0-0 Bxd3 9. cxd3 Nbd7 10. e4 dxe4 11. dxe4 0-0 12. Bh2 b5 13. a3 Qb6 14. Qb3 Qb7 15. f4 a6 16. f5 c5 17. e5 Ne4 18. Qc2 Nxc3 19. bxc3 Rac8 20. Qd3 Rfd8 21. Qf3 Qxf3 22. Rxf3 e6 23. fxe6 fxe6 24. Raf1 Rf8 25. Nf4 Rce8 26. Nd3 cxd4 27. cxd4 Rxf3 28. Rxf3 Bf8 29. Nf4 Nb6 30. Rc3 Nc4 31. a4 Kf7 32. axb5 axb5 33. Bg3 Rc8 34. Nd3 b4 35. Rb3 Na5 36. Rb1 Rc4 37. Bf2 Nc6 38. Rc1 Rxc1+ 39. Nxc1 Bh6 40. Nb3 Bf8 41. Kf1 Ne7 42. Ke2 Nd5 43. g3 Ke8 44. Kd3 Kd7 45. Kc4 Kc6 46. Nc5 Nb6+ 47. Kxb4 Kd5 48. Kb5 Nc4 49. Nd7 Be7 50. Nb6+ Nxb6 51. Kxb6 Ba3 52. Kc7 Bc1 53. Kd7 h5 54. Ke7 g5 55. h4 gxh4 56. gxh4 Bd2 57. Kf6 Bc3 58. Bg1 Be1 59. Kg5 Ke4 60. Kxh5 Kf3 1-0

[Event "Berlin-ch Seniors op 24th"]
[Site "Berlin"]
[Date "2008.02.27"]
[Round "7"]
[White "Hoppe, Rainer"]
[Black "Kohlstadt Erlebach, Paul"]
[Result "1/2-1/2"]
[WhiteElo "1832"]
[BlackElo "1749"]
[PlyCount "62"]
[EventDate "2008.02.21"]
[EventType "swiss"]
[EventRounds "9"]
[EventCountry "GER"]
[SourceTitle "EXT 2022"]
[Source "ChessBase"]
[SourceDate "2021.10.06"]
[SourceVersion "1"]
[SourceVersionDate "2021.10.06"]
[SourceQuality "1"]

1. c4 e5 2. g3 Nf6 3. Bg2 Bc5 4. e3 d6 5. Ne2 Nc6 6. 0-0 Bf5 7. d4 exd4 8. exd4 Bb6 9. Nbc3 Qd7 10. Re1 0-0 11. a3 a5 12. Bg5 Ne8 13. Nd5 h6 14. Nxb6 cxb6 15. Be3 Nf6 16. Nc3 Bh3 17. Nb5 Bxg2 18. Kxg2 d5 19. b3 Rad8 20. Qf3 Qg4 21. Rad1 Qxf3+ 22. Kxf3 g5 23. h4 g4+ 24. Kg2 Kg7 25. Bf4 Ne8 26. Rd2 Rd7 27. Rde2 Nf6 28. Bd6 Rc8 29. c5 Ne4 30. Rxe4 dxe4 31. Rxe4 h5 1/2-1/2

[Event "Berlin-ch Seniors op 24th"]
[Site "Berlin"]
[Date "2008.02.23"]
[Round "3"]
[White "Hoppe, Rainer"]
[Black "Schueler, Wolfgang"]
[Result "1/2-1/2"]
[WhiteElo "1832"]
[BlackElo "1884"]
[PlyCount "26"]
[EventDate "2008.02.21"]
[EventType "swiss"]
[EventRounds "9"]
[EventCountry "GER"]
[SourceTitle "EXT 2022"]
[Source "ChessBase"]
[SourceDate "2021.10.06"]
[SourceVersion "1"]
[SourceVersionDate "2021.10.06"]
[SourceQuality "1"]

1. c4 e5 2. Nc3 Nc6 3. g3 g6 4. Bg2 Bg7 5. e4 d6 6. Nge2 Nge7 7. d3 0-0 8. 0-0 f5 9. f4 Kh8 10. Rb1 a6 11. a3 Bd7 12. b4 Qc8 13. Bb2 Rb8 1/2-1/2

[Event "Berlin-ch Seniors op 24th"]
[Site "Berlin"]
[Date "2008.02.22"]
[Round "2"]
[White "Prinz, Tade"]
[Black "Hoppe, Rainer"]
[Result "0-1"]
[WhiteElo "1573"]
[BlackElo "1832"]
[PlyCount "110"]
[EventDate "2008.02.21"]
[EventType "swiss"]
[EventRounds "9"]
[EventCountry "GER"]
[SourceTitle "EXT 2022"]
[Source "ChessBase"]
[SourceDate "2021.10.06"]
[SourceVersion "1"]
[SourceVersionDate "2021.10.06"]
[SourceQuality "1"]

1. d4 Nf6 2. Nf3 d6 3. Bf4 c6 4. Nbd2 Nh5 5. Bg5 h6 6. Bh4 g5 7. Bg3 Bg7 8. e3 Nxg3 9. hxg3 Bf5 10. c3 Nd7 11. Qb3 Qc7 12. e4 Bg6 13. Be2 0-0-0 14. a4 Kb8 15. a5 f5 16. exf5 Bxf5 17. Nf1 Rdf8 18. Ne3 e5 19. Qb4 Be4 20. 0-0 Bxf3 21. Bxf3 exd4 22. cxd4 Bxd4 23. Qxd4 Ne5 24. Be2 h5 25. Rac1 h4 26. Nd5 Qg7 27. Qb4 Qh6 28. gxh4 cxd5 29. g3 gxh4 30. g4 Rf4 31. Qa3 Nxg4 32. f3 Ne5 33. Kf2 h3 34. Ke1 h2 35. Qc3 Nc4 36. Rh1 Rg8 37. Kd1 Rg1+ 38. Kc2 Rxc1+ 39. Kxc1 Rxf3+ 40. Kb1 Rxc3 41. bxc3 Qh3 42. Bf1 Qf3 43. Rxh2 Qxf1+ 44. Kc2 Nxa5 45. Rh8+ Kc7 46. Rh7+ Kc6 47. Rh8 Nc4 48. Rh2 Qa1 49. Rf2 Qb2+ 50. Kd3 Qb1+ 51. Ke2 a5 52. Rf8 a4 53. Rc8+ Kb6 54. Rg8 a3 55. Rg1 Qxg1 0-1

[Event "GER-ch Seniors Gp-A 19th"]
[Site "Templin"]
[Date "2007.08.31"]
[Round "9"]
[White "Nuenchert, Eveline"]
[Black "Hoppe, Rainer"]
[Result "1-0"]
[WhiteElo "1998"]
[BlackElo "1838"]
[PlyCount "63"]
[EventDate "2007.08.23"]
[EventType "swiss"]
[EventRounds "9"]
[EventCountry "GER"]
[SourceTitle "EXT 2022"]
[Source "ChessBase"]
[SourceDate "2021.10.06"]
[SourceVersion "1"]
[SourceVersionDate "2021.10.06"]
[SourceQuality "1"]

1. Nf3 Nf6 2. d3 d6 3. g3 g6 4. Bg2 Bg7 5. 0-0 c6 6. e4 e5 7. Nbd2 0-0 8. c3 h6 9. Re1 Be6 10. Qc2 Qc7 11. d4 Nbd7 12. b3 Rfe8 13. Bb2 Rac8 14. Rac1 Kh7 15. h3 a6 16. c4 Ng8 17. Qb1 f6 18. Nf1 Qb8 19. Ne3 Ne7 20. Rcd1 c5 21. dxc5 dxc5 22. Nd5 Nc6 23. Bc1 f5 24. Nh4 Nd4 25. exf5 Nxf5 26. Be4 Nxh4 27. gxh4 Nf8 28. h5 Bxh3 29. Bxg6+ Nxg6 30. Qxg6+ Kh8 31. Re3 Re6 32. Qe4 1-0